000 00861cam a22002894a 4500
005 20260322212023.0
008 data
010 _a 2005034999
015 _aGBA623688
_2bnb
016 7 _a013403741
_2Uk
020 _a0849918324 (HC)
020 _a0849991455 (IE)
020 _a9780849918322
020 _a9780849991455 (IE)
040 _aDLC
_cDLC
_dDLC
_dOCO
_dZAB
_dC#P
_dUKM
_dDLC
042 _apcc
050 0 0 _aBV4501.3
_b.G72 2006
082 0 0 _a248.4
_222
092 _a248.4 G72 2006
100 1 _aGraham, Billy,
_d1918-
245 1 4 _aThe journey :
_bhow to live by faith in an uncertain world /
_cBilly Graham.
260 _aNashville :
_bW Publishing Group,
_cc2006.
300 _aviii, 312 p. ;
_c25 cm.
650 0 _aChristian life.
856 4 2 _3Publisher description
_uhttp://www.loc.gov/catdir/enhancements/fy0623/2005034999-d.html
001 data
999 _c515
_d515